000 00895nam a22002297a 4500
999 _c10916
_d10916
003 AR-CdUCM
008 190402b ||||| |||| 00| 0 spa d
040 _aMUNICIPALIDAD PROVINCIAL DEL CUSCO
_cBIBLIOTECA MUNICIPAL DEL CUSCO
082 _23ed.
_aC / 869.56 /
_bEL39L
100 _aElguera Barrios, César N.
_927990
245 _aLiteratura peruana contemporánea :
_b(hacia una nueva didáctica 3ra. edición) /
260 _aCusco :
_bAlfil,
_c1989.
300 _a149 páginas ;
_bilustraciones,
_c20 cm.
505 _aContenido: Literatura y Psicología -- Leonidas Yerovi -- José Galvez Barrenechea -- Alberto Ureta -- Abraham Valdelomar ...
650 _aHistoria
_9136
650 _aBiografía
_922
650 _aLiteratos Peruanos
_9808
650 _aObras
_96865
710 _aFacultad de Educación y Comunicación Social (UNSAAC).
_927991
942 _2ddc
_cLIBROS
945 _aachl